| 000 | 00561nam a22001937a 4500 | ||
|---|---|---|---|
| 999 |
_c6573 _d6573 |
||
| 003 | GBCCL | ||
| 005 | 20241126110606.0 | ||
| 008 | 180518b ||||| |||| 00| 0 eng d | ||
| 040 | _cgbc | ||
| 082 |
_aVER 234 _bRHE |
||
| 100 |
_aRhee, Yo Han _911769 |
||
| 245 |
_aThe way to eternal life in Gangte (Kumsawt hinna lampi) / _cTranslated by Thangkhosiem |
||
| 250 | _aReprinted | ||
| 260 |
_aChurachandpur: _bEvangelical Synod Church, _c2006 |
||
| 300 |
_a217 p.; _bill., _c21 cm. |
||
| 440 |
_aA Bible Study _911770 |
||
| 650 |
_aSalvation _9452 |
||
| 942 |
_2ddc _cBK |
||